Guess the Footballer by their Clubs - Statistiques

Statistiques générales
  • Ce quiz a été pris 114 fois
  • Le résultat moyen est 15 sur 15
Statistiques - réponses
Question Réponse % Correct
Real Sociedad ➔ Atlético Madrid ➔ Barcelona ➔ Atlético Madrid Antoine Griezmann
100%
Lyon ➔ Real Madrid ➔ Al-Ittihad Karim Benzema
100%
Barcelona ➔ PSG ➔ Inter Miami Lionel Messi
100%
Dinamo Zagreb ➔ Tottenham ➔ Real Madrid Luka Modrić
99%
Leicester City ➔ Manchester City ➔ Al-Ahli Riyad Mahrez
99%
Malmö ➔ Ajax ➔ Juventus ➔ Inter ➔ Barcelona ➔ Milan ➔ PSG ➔ Man Utd ➔ LA Galaxy ➔ Milan Zlatan Ibrahimovic
99%
Sporting CP ➔ Man Utd ➔ Real Madrid ➔ Juventus ➔ Man Utd ➔ Al-Nassr Cristiano Ronaldo
97%
El Mokawloon ➔ Basel ➔ Chelsea ➔ Fiorentina ➔ Roma ➔ Liverpool Mohamed Salah
97%
Boulogne ➔ Caen ➔ Leicester City ➔ Chelsea ➔ Al-Ittihad N'Golo Kanté
97%
Genk ➔ Chelsea ➔ Werder Bremen ➔ Wolfsburg ➔ Manchester City Kevin De Bruyne
96%
Grêmio ➔ PSG ➔ Barcelona ➔ AC Milan ➔ Flamengo ➔ Atlético Mineiro ➔ Querétaro ➔ Fluminense Ronaldinho
96%
Tottenham ➔ Leicester City ➔ Tottenham ➔ Bayern Munich Harry Kane
93%
Nacional ➔ Groningen ➔ Ajax ➔ Liverpool ➔ Barcelona ➔ Atlético Madrid ➔ Grêmio ➔ Inter Miami Luis Suárez
93%
Everton ➔ Manchester United ➔ Everton ➔ DC United ➔ Derby County Wayne Rooney
93%
Liverpool ➔ Real Madrid ➔ Bayern Munich ➔ Bayer Leverkusen Xabi Alonso
93%
Aucun quiz correspondant
Distribution des résultats
% des personnes avec chaque résultat
Percentile par nombre de réponses
Votre historique - résultats
Vous n’avez pas pris ce quiz